| 000 | 00335nam a2200121Ia 4500 | ||
|---|---|---|---|
| 008 | 241015s9999 xx 000 0 und d | ||
| 041 | _aeng | ||
| 082 | _a658.404 SCH | ||
| 100 | _aSchwalbe | ||
| 245 | _aInformation Technology Project Management With Mindtap | ||
| 260 |
_bCengage Learning India _aDehli _c2019 |
||
| 300 | _a558;. P. 23 cm | ||
| 999 |
_c41794 _d41794 |
||